Szczegóły MARC21

Ekonomika transportu : teoria i praktyka gospodarcza /

005 -DATA I CZAS OSTATNIEJ MODYFIKACJI [,]
    • @
    • pole kontrolne
    • 20090202102436.0
020 -Międzynarod. znormalizowany nr książki - ISBN [ , ]
    • a
    • Numer ISBN
    • 9788373264731 Find
040 -Instytucja sporządzająca opis [ , ]
    • a
    • Instytucja, która sporządziła opis (NP)
    • SZCZ U/KLR
    • c
    • Instytucja, która sporządziła rekord (NP)
    • SZCZ U/KLR
    • d
    • Instytucja, która zmodyfikowała rekord (P)
    • SZCZ U/JŚ
041 -Język dokumentu [0, ]
    • a
    • Język tekstu (P)
    • polski
044 -Kraj miejsca wydania [ , ]
    • a
    • Kraj miejsca wydania
    • Polska
942 -Rodzaj dokumentu [ , ]
    • c
    • Rodzaj dokumentu
    • Książka
100 -Hasło główne - nazwa osobowa [1, ]
    • a
    • Nazwa osobowa (NP)
    • Koźlak, Aleksandra.
    • 9
    • KHW
    • 44184
245 -Strefa tytułu i oznaczenia odpowiedzialności [1,0]
    • a
    • Tytuł
    • Ekonomika transportu : Find
    • b
    • Ciąg dalszy tytułu (NP)
    • teoria i praktyka gospodarcza / Find
    • c
    • Pozostałe elementy strefy tytułu i oznaczenia odpowiedzialności (NP)
    • Aleksandra Koźlak.
260 -Strefa adresu wydawniczego [ , ]
    • a
    • Miejsce wydania (P)
    • Gdańsk :
    • b
    • Nazwa wydawcy (P)
    • Wydawnictwo Uniwersytetu Gdańskiego,
    • c
    • Data wydania (P)
    • 2008.
300 -Strefa opisu fizycznego [ , ]
    • a
    • Określenie formy książki i/lub objętość (NP)
    • 436 s. :
    • b
    • Oznaczenie ilustracji (NP)
    • il. ;
    • c
    • Format (NP)
    • 24 cm.
504 -Uwaga dot. bibliogr. załącznikowej [ , ]
    • a
    • Uwaga dot. bibliografii załącznikowej
    • Bibliogr.
080 -Uniwersalna Klasyfikacja Dziesiętna [ , ]
    • 2
    • Identyfikator wydania tablic
    • UDC-P058
    • a
    • Symbol klasyfikacji
    • 338.47::656.1/.7
    • b
    • Dopowiedzenie
    • Gospodarcze aspekty transportu. Ekonomika transportu.
980 -Symbol UKD [ , ]
    • a
    • UKD
    • 338.47::656.1/.7
920 -ISBN [ , ]
    • a
    • ISBN
    • 978-83-7326-473-1 Find
Data inwentaryzacji Lokalizacja Sygnatura Numer inwentarzowy Status udost.
2009-01-14TTM.6206TM.6206-3
2009-01-14TTM.6208TM.6208-3
2009-01-14TTM.6209TM.6209-3
2009-01-14TTM.6210TM.6210-3
2009-01-14TTM.6211TM.6211-3
2009-02-10TTM.6285TM.6285-3
2009-02-10TTM.6286TM.6286-3
2014-12-03TTM.11866TM.11866-3
2009-01-14TTM.6207TM.6207-6